Most Expensive Calcio A Transfers ( So Far ) - Statistics

General Stats
  • This quiz has been taken 628 times
  • The average score is 5 of 20
Answer Stats
From To Fee Player % Correct
Real Madrid Juventus £103.9M Cristiano Ronaldo
99%
Bayern Munich Juventus £35.5M Douglas Costa
46%
Valencia CF Juventus £35.8M Joao Cancelo
46%
Racing Club Inter Milan £20.4M Lautaro Martinez
44%
AS Roma Inter Milan £33.7M Radja Nainggolan
36%
PSG AS Roma £21.9M Javier Pastore
32%
Bologna Napoli £22.2M Simone Verdi
27%
Ajax AS Roma £15.2M Justin Kluivert
22%
Genoa Juventus £10.6M Mattia Perin
21%
Napoli Sampdoria £15.1M Duvan Zapata
19%
Udinese Napoli £19.5M Alex Meret
17%
Napoli Cagliari £8.8M Leonardo Pavoletti
16%
US Sassulo Lazio £8.8M Francesco Acerbi
15%
Fiorentina AC Milan £17.7M Nikola Kalinic
11%
US Sassuolo AS Roma £13.3M Gregoire Defrel
8%
AC Milan Torino £10.6M M'Baye Niang
5%
AC Milan Genoa £9.7M Gianluca Lapadula
2%
AS Monaco Torino £8.8M Soualiho Meite
2%
US Sassuolo Bologna £8.8M Diego Falcinelli
1%
Bologna US Sassuolo £8.8M Federico Di Francesco
1%
No matching quizzes found
Score Distribution
Percent of People with Each Score
Percentile by Number Answered
Your Score History
You have not taken this quiz